<?xml version="1.0" encoding="UTF-8"?>
<collection xmlns="http://www.loc.gov/MARC21/slim">
 <record>
  <leader>01005na  a2200253   4500</leader>
  <controlfield tag="001">000031037</controlfield>
  <controlfield tag="003">5334</controlfield>
  <controlfield tag="005">20230303135633.0</controlfield>
  <controlfield tag="008">151001s2006                  000   eng</controlfield>
  <datafield tag="040" ind1=" " ind2=" ">
   <subfield code="a">LNN</subfield>
  </datafield>
  <datafield tag="041" ind1=" " ind2=" ">
   <subfield code="a">eng</subfield>
  </datafield>
  <datafield tag="082" ind1=" " ind2=" ">
   <subfield code="a">420.4</subfield>
   <subfield code="b">NG-H</subfield>
   <subfield code="2">Languages</subfield>
  </datafield>
  <datafield tag="100" ind1=" " ind2=" ">
   <subfield code="a">Nguyễn Thài Liên Hương</subfield>
  </datafield>
  <datafield tag="245" ind1=" " ind2="3">
   <subfield code="a">An Investigation into the Performance of English Word Stress Performed by the 1st and 2nd Year Student at Foreign Languages college Da Nang University /</subfield>
   <subfield code="c">Nguyễn Thài Liên Hương</subfield>
   <subfield code="n">Languages</subfield>
  </datafield>
  <datafield tag="260" ind1=" " ind2=" ">
   <subfield code="a">Khoa Anh Ngữ,</subfield>
   <subfield code="c">2006.</subfield>
  </datafield>
  <datafield tag="300" ind1=" " ind2=" ">
   <subfield code="a">48tr. : mh ; 30cm.</subfield>
  </datafield>
  <datafield tag="650" ind1=" " ind2=" ">
   <subfield code="a">An Investigation into the Performance of English Word Stress Performed by the 1st and 2nd Year Student at Foreign Languages college Da Nang University, Languages , 2006, Nguyễn Thài Liên Hương, KLSV</subfield>
  </datafield>
  <datafield tag="OWN" ind1=" " ind2=" ">
   <subfield code="a">LNN</subfield>
  </datafield>
  <datafield tag="999" ind1=" " ind2=" ">
   <subfield code="a">From the UDN01</subfield>
  </datafield>
  <datafield tag="TYP" ind1=" " ind2=" ">
   <subfield code="a">Printed language</subfield>
  </datafield>
  <datafield tag="980" ind1=" " ind2=" ">
   <subfield code="a">Mạng thư viện Đại học Đà Nẵng</subfield>
  </datafield>
 </record>
</collection>
